000 00679nam a2200217 a 4500
005 20240809063829.0
008 050927s1994 mx r 000 0 spa d
020 _a8420639443
035 _aUPN01000140328
049 _aCG
050 4 _aPN1993.5 U6
_bT6.2 1994
100 1 _aTorres, Augusto M.
245 1 3 _aEl cine norteamericano en 130 películas /
_cAugusto M. Torres.
250 _a2a ed.
260 _aMadrid :
_bAlianza,
_c1994.
300 _a467 p. :
_bil.
440 3 _aEl libro de bolsillo.
_pLibro práctico y aficiones ;
_v7008.
650 4 _aCINEMATOGRAFIA -
_zESTADOS UNIDOS -
_xHISTORIA
_910582
650 0 _aCinematografía
_xHistoria
_910591
905 _aLibro
999 _c112476
_d112476